000 00300nam a22001217a 4500
008 230703b xxu||||| |||| 00| 0 eng d
082 _a350.7
_bMOP
100 _cMOP
245 _a Millenium Development Goals
_b Status Report for Kenya
260 _c2005
300 _avarious paging
942 _2ddc
_cBK
999 _c3227
_d3227